Optical methods in dynamics of fluids and solids

Guardat en:
Dades bibliogràfiques
Autor principal: Pichal, M (Autor)
Format: Llibre
Idioma:anglès
Publicat: Berlín Springer-Verlag 1985
Matèries:
Etiquetes: Afegir etiqueta
Sense etiquetes, Sigues el primer a etiquetar aquest registre!

MARC

LEADER 00000nam a2200000 a 4500
001 UCW9519
003 CL-VaPUC
008 890508e19850000GW |||||||||||||||||eng|d
082 0 4 |a 620.104  |b PIC  |2 21 
100 0 |a Pichal, M  |e author  |9 314797 
245 1 0 |a Optical methods in dynamics of fluids and solids 
300 |a 385 p 
942 |c BK 
945 |d 19890508 00:00:00 
260 |a Berlín  |b Springer-Verlag  |c 1985 
650 0 |a Dinámica de fluidos  |9 260582 
650 7 |a MEDICIONES  |2 CL-VaPUC  |9 314798 
650 7 |a ENSAYO DE MATERIALES  |2 CL-VaPUC  |9 271898 
650 0 |a Instrumentos ópticos  |9 314799 
583 |a last modification  |c 19890508 00:00:00  |k Rodrigo Vera 
999 |c 221466  |d 221464